iPod fully loaded : if you’ve got it, you can iPod it

Let Mac guru Andy Ihnatko show you how to put everything but the kitchen sink on your iPod—from old LPs, radio programs, television shows, and movies to spreadsheets, presentations, and PC rescue files. You'll quickly discover that music is only a small part of the picture as you learn how to r...

Cur síos iomlán

Đã lưu trong:
Sonraí Bibleagrafaíochta
Príomhúdar: Ihnatko, Andy
Formáid: Leabhar
Teanga:Undetermined
Foilsithe: Hoboken, NJ Wiley 2007
Ábhair:
Clibeanna: Cuir Clib Leis
Gan Chlibeanna, Bí ar an gcéad duine leis an taifead seo a chlibeáil!
Thư viện lưu trữ: Trung tâm Học liệu Trường Đại học Cần Thơ
LEADER 01263nam a2200217Ia 4500
001 CTU_163726
008 210402s9999 xx 000 0 und d
020 |c 19.99 
082 |a 006.5 
082 |b I.25 
100 |a Ihnatko, Andy 
245 0 |a iPod fully loaded : 
245 0 |b if you’ve got it, you can iPod it 
245 0 |c Andy Ihnatko 
260 |a Hoboken, NJ 
260 |b Wiley 
260 |c 2007 
520 |a Let Mac guru Andy Ihnatko show you how to put everything but the kitchen sink on your iPod—from old LPs, radio programs, television shows, and movies to spreadsheets, presentations, and PC rescue files. You'll quickly discover that music is only a small part of the picture as you learn how to record TV shows for an iPod, record radio broadcasts and automatically convert them into podcasts, convert Web pages into formats that can be read or listened to on an iPod, and even translate Microsoft Word, Excel, or PowerPoint documents for the iPod screen. Whether you're a PC or a Mac user, or have a past, present, or even future iPod, Inhantko advice works perfectly 
650 |a iPod (Digital music player),Máy nghe nhạc kỹ thuật số 
910 |a Nguyên 
980 |a Trung tâm Học liệu Trường Đại học Cần Thơ